000 00611nam a2200121Ia 4500
008 220616s9999||||xx |||||||||||||| ||und||
245 0 _aComparative Perspectives on Work-Life Balance and Gender Equality: Fathers on Leave Alone
546 _aEnglish[eng]
650 _aSociology of Family, Youth and Aging||Family||Gender Studies
700 _aO'Brien, Margaret||Wall, Karin
856 _uhttps://library.oapen.org/bitstream/20.500.12657/28116/1/1001878.pdf||https://library.oapen.org/bitstream/20.500.12657/28116/1/1001878.pdf||https://library.oapen.org/bitstream/20.500.12657/28116/1/1001878.pdf
942 _cEB
999 _c19340
_d19340